Verdadero o Falso FC Barcelona - Estadísticas

Estadísticas generales
  • Esta prueba ha sido intentada 101 veces
    86 desde el último reinicio
  • La puntuación promedio es 12 de 20
Estadísticas de respuestas
Pregunta Respuesta % Correcto
Leo Messi es el máximo goleador y máximo asistente de la historia del club. Verdadero
96%
El Barcelona suma más títulos de Copa del Rey que ningún otro equipo. Verdadero
94%
Leo Messi ha sido parte de la plantilla en todas las Champions que ha ganado el Barcelona. Falso
92%
El Barcelona no ganó la Champions hasta el siglo XXI Falso
88%
El Barcelona cuenta con el mejor inicio de la historia de LaLiga, con 40 de 42 puntos posibles en la temporada 2012-2013. Verdadero
88%
Es el club con más presencia en el top 10 de los fichajes más caros de la historia de LaLiga. Verdadero
85%
En los últimos 20 años, ha ganado más de la mitad de campeonatos de LaLiga disputados. Verdadero
83%
Ronaldinho y Neymar tienen los mismos goles con el FC Barcelona. Falso
76%
Entre 1961 y 1974 el Barcelona no ganó Laliga, excluyendo esa etapa, es el máximo ganador de la historia de la competición. Verdadero
69%
Luis Suárez no es ni el segundo máximo goleador ni el segundo máximo asistente de la historia del club. Verdadero
67%
Lewandowski tiene mejor promedio goleador que Luis Suárez en el Barcelona. Verdadero
58%
Dentro del fútbol profesional, solo Sevilla y Athletic Club son más antiguos que el Barcelona Verdadero
50%
Desde la fundación de LaLiga el Barcelona jamás ha bajado del décimo puesto. Falso
47%
Luis Suárez es el segundo máximo goleador de la historia del Barcelona en Champions. Verdadero
47%
Todos los integrantes de la MSN ( Messi, Suárez y Neymar) se encuentran en el top 7 máximos goleadores de la historia del club. Falso
46%
El Barcelona es el único club español campeón de la Copa de Ferias. Falso
40%
No es el máximo ganador de ligas españolas, pero sus títulos le permitirían serlo en cada una de las otras 4 grandes ligas europeas. Falso
37%
El 11 inicial alineado en la final de la Champions en 2011 por Guardiola fue más barato que Frenkie de Jong. Falso
26%
El club fue fundado el 29 de noviembre de 1899 por el catalán Joan Gamper. Falso
14%
Pese a situarse al lado de Francia, han vestido la camiseta blaugrana más neerlandeses que franceses. Falso
9%
No se encontraron pruebas coincidentes
Distribución de puntuación
Porcentaje de gente con cada puntuación
Porcentaje por número respondido
Historial de tus puntuaciones
No has intentado esta prueba desde el último reinicio